The hands-on project office guaranteeing ROI and on-time delivery /

Bibliographic Details
Main Author: Kesner, Richard M.
Corporate Author: ProQuest (Firm)
Format: Electronic eBook
Language:English
Published: Boca Raton, Fla. : Auerbach Publications, c2004.
Subjects:
Online Access:Click to View
LEADER 01324nam a2200361Ia 4500
001 EBC2010282
003 MiAaPQ
005 20200520144314.0
006 m o d |
007 cr cn|||||||||
008 030807s2004 flua sb 001 0 eng d
010 |z  2003055771 
015 |a GBA3-U5765 
020 |z 0849319919 (alk. paper) 
035 |a (MiAaPQ)EBC2010282 
035 |a (Au-PeEL)EBL2010282 
035 |a (CaPaEBR)ebr10078624 
035 |a (CaONFJC)MIL4731 
035 |a (OCoLC)697645493 
040 |a MiAaPQ  |c MiAaPQ  |d MiAaPQ 
050 4 |a HD30.2  |b .K464 2004 
082 0 4 |a 004/.068/4  |2 22 
100 1 |a Kesner, Richard M. 
245 1 4 |a The hands-on project office  |h [electronic resource] :  |b guaranteeing ROI and on-time delivery /  |c Richard M. Kesner. 
260 |a Boca Raton, Fla. :  |b Auerbach Publications,  |c c2004. 
300 |a xxxii, 337 p. :  |b ill. 
504 |a Includes bibliographical references and index. 
533 |a Electronic reproduction. Ann Arbor, MI : ProQuest, 2015. Available via World Wide Web. Access may be limited to ProQuest affiliated libraries. 
650 0 |a Information technology. 
650 0 |a Project management. 
655 4 |a Electronic books. 
710 2 |a ProQuest (Firm) 
856 4 0 |u https://ebookcentral.proquest.com/lib/matrademy/detail.action?docID=2010282  |z Click to View